000 00359nam a2200145Ia 4500
008 210210b1990 xxu||||| |||| 00| 0 eng d
082 _a366 ALLP
100 _aAICUF.
245 _aProgress of ideas.
260 _aMadras.
_bAll India Catholic University Federation.,
_c1990
300 _a48
650 _aAICUF
690 _aAssociations
906 _a044648
999 _c94241
_d94241